000 00581nam a2200241Ia 4500
008 200601s9999 xx 000 0 und d
020 _a978-1-78472-093-3
050 _aREF GT 2905
050 _b.S65 2016
100 _aSmith, Krisi.
245 0 _aWorld atlas of tea /
245 0 _cKrisi Smith.
260 _aGreat Britain :
260 _bMitchell Beazley,
260 _c2016
300 _a240 pages :
300 _bcolor illustrations ;
300 _c26 cm.
500 _aIncludes index.
650 _aCooking (Tea).
650 _aTea.
650 _xTea trade.
999 _c363225
_d363225